00627nam a2200181Ia 4500008004100000020001600041041001200057082001600069100001400085245008300099260003400182300000900216650001300225700001400238942000700252999001500259952017100274221030s9999 xx 000 0 und d a81075150548 aEnglish a105.23bRai aH. C. Rai 0aQuestion Bank in Electrical & Electronics Engineeringcby H. C. Rai, Ashok Raj bGalgotia PubaNew Delhic1997 a1098 aECE & EE aAshok Raj cBK c4757d4757 pBE 888g250.00l0o105.23 Rair2024-06-13 00:00:00w2022-10-30yBK003Print4070aMIETLIBbMIETLIBcBL-Academic Block- A, FL-1, CUP-12, SH-1, R-1d2000-02-0110HBE